000 00434 a2200109 4500
001 ART_41771
005 20260410161721.0
008 260409a
245 1 0 _aImpactos ambientales de la actividad agrícola y su exteriorización a través de los informes de la contabilidad social y ambiental
100 1 _aD´Onofrio, Paula Alejandra
773 0 _tContabilidad y auditoría
_g- Año 22, Nº 43 (jun. 2016)
_wREV1723
999 _c16987
_d16987